7 Natural Wonders of the World - Statistics

General Stats
  • This quiz has been taken 503 times
  • The average score is 3 of 7
Answer Stats
Answer % Correct
Grand Canyon
77%
The Great Barrier Reef
59%
Mt. Everest
53%
Victoria Falls
50%
Northern Lights
27%
Paricutin Volcano
11%
The Harbor at Rio de Janeiro
8%
No matching quizzes found
Score Distribution
Percent of People with Each Score
Percentile by Number Answered
Your Score History
You have not taken this quiz